[Event "Santiago Endesa Interempresas op"]
[Site "Santiago de Chile"]
[Date "2007.??.??"]
[Round "2"]
[White "Gonzalez Vasquez, Jorge Roberto"]
[Black "Sepulveda Herrera, Job Rodrigo"]
[Result "0-1"]
[WhiteElo "2148"]
[BlackElo "2325"]
[PlyCount "76"]
[EventDate "2007.??.??"]
[EventType "swiss"]
[EventRounds "9"]
[EventCountry "CHI"]
[SourceTitle "EXT 2008"]
[Source "ChessBase"]
[SourceDate "2007.11.25"]
[SourceVersion "1"]
[SourceVersionDate "2007.11.25"]
[SourceQuality "1"]

1. e4 g6 2. d4 Bg7 3. Nc3 d5 4. exd5 Nf6 5. Nf3 0-0 6. Be2 Nxd5 7. Ne4 Nc6 8. 0-0 Bf5 9. Ng3 Bg4 10. h3 Bxf3 11. Bxf3 e6 12. c3 Rc8 13. Ne4 h6 14. Nc5 b6 15. Nd3 Nce7 16. Bd2 Kh7 17. Re1 c5 18. dxc5 bxc5 19. Qc2 Nf5 20. Rad1 Qc7 21. Re4 Rfd8 22. Rde1 Nf6 23. R4e2 Nh4 24. Ne5 Nxf3+ 25. Nxf3 Rd5 26. c4 Rdd8 27. Bc3 Qb7 28. Rd1 Rxd1+ 29. Qxd1 Nh5 30. Bxg7 Nxg7 31. Rd2 Nf5 32. Rd7 Rc7 33. Rd2 Qe4 34. b3 Qb7 35. Rd8 Nd4 36. Ne5 Qe4 37. Ng4 Qf4 38. g3 Qg5 0-1

[Event "Capablanca Memorial Mixto 34th"]
[Site "Havana"]
[Date "1999.05.15"]
[Round "8"]
[White "Gonzalez Vasquez, Jorge Roberto"]
[Black "Frometa Castillo, Zirka"]
[Result "0-1"]
[WhiteElo "2100"]
[BlackElo "2190"]
[PlyCount "88"]
[EventDate "1999.05.??"]
[EventType "tourn"]
[EventRounds "13"]
[EventCountry "CUB"]
[EventCategory "1"]
[SourceTitle "CBM 070 Extra"]
[Source "ChessBase"]
[SourceDate "1999.07.10"]
[SourceVersion "1"]
[SourceVersionDate "1999.07.10"]
[SourceQuality "1"]

1. c4 e5 2. Nc3 d6 3. g3 f5 4. Bg2 Nf6 5. d3 Be7 6. e3 0-0 7. Nge2 c6 8. f4 Nbd7 9. 0-0 a5 10. h3 Nc5 11. Kh2 Qe8 12. fxe5 dxe5 13. d4 exd4 14. exd4 Nce4 15. Qd3 Bd6 16. Bf4 Bxf4 17. gxf4 Qg6 18. Ng3 Nxg3 19. Qxg3 Qxg3+ 20. Kxg3 Be6 21. d5 cxd5 22. cxd5 Bf7 23. Bf3 Rad8 24. Rad1 Rd7 25. Rfe1 Rfd8 26. Re5 g6 27. Kf2 Kg7 28. Ke3 b5 29. Nxb5 Nxd5+ 30. Bxd5 Rxd5 31. Rdxd5 Rxd5 32. Nc3 Rxe5+ 33. fxe5 g5 34. a3 Be6 35. b4 axb4 36. axb4 f4+ 37. Kd4 Bxh3 38. b5 Bc8 39. Kd5 f3 40. Nd1 g4 41. Ke4 f2 42. Ne3 h5 43. e6 h4 44. b6 g3 0-1

[Event "Capablanca Memorial Mixto 34th"]
[Site "Havana"]
[Date "1999.05.10"]
[Round "4"]
[White "Sosa Trani, Luis"]
[Black "Gonzalez Vasquez, Jorge Roberto"]
[Result "0-1"]
[WhiteElo "2254"]
[BlackElo "2100"]
[PlyCount "68"]
[EventDate "1999.05.??"]
[EventType "tourn"]
[EventRounds "13"]
[EventCountry "CUB"]
[EventCategory "1"]
[SourceTitle "CBM 070 Extra"]
[Source "ChessBase"]
[SourceDate "1999.07.10"]
[SourceVersion "1"]
[SourceVersionDate "1999.07.10"]
[SourceQuality "1"]

1. e4 e5 2. d4 exd4 3. c3 dxc3 4. Bc4 Nc6 5. Nxc3 d6 6. Nf3 Be6 7. Bd5 Qd7 8. Qb3 Nd8 9. Bg5 c6 10. 0-0 cxd5 11. exd5 Bg4 12. Nd4 f6 13. Bf4 Ne7 14. f3 Bh5 15. Ne4 Ng6 16. Rfe1 Kf7 17. Bg3 Kg8 18. Rac1 Ne5 19. f4 Bf7 20. fxe5 dxe5 21. Nb5 Bxd5 22. Red1 Bxb3 23. Rxd7 Bxa2 24. Rcd1 Ne6 25. Rxb7 Bb3 26. Rdd7 Bc2 27. Ned6 a6 28. Nc7 Nxc7 29. Rdxc7 Bxd6 30. Rxc2 h5 31. Rc6 Bf8 32. Be1 Rh6 33. Bd2 Rg6 34. b4 Kh7 0-1